Managerial economics : (Record no. 75669)

MARC details
000 -LEADER
fixed length control field 00635nam a22002057a 4500
005 - DATE AND TIME OF LATEST TRANSACTION
control field 20130521110115.0
010 ## - LCCN (DPL NO)
LC control number ENG-107173
020 ## - INTERNATIONAL STANDARD BOOK NUMBER
International Standard Book Number 9788180547843
Terms of availability 400.00
035 ## - SYSTEM CONTROL NUMBER
System control number EN-90706
037 ## - SOURCE OF ACQUISITION
Source of stock number/acquisition DBAD/PUB
082 ## - DEWEY DECIMAL CLASSIFICATION NUMBER
Classification number 338.5024658
100 ## - MAIN ENTRY--PERSONAL NAME
Personal name Varshney, R.L.
245 ## - TITLE STATEMENT
Title Managerial economics :
Statement of responsibility, etc by R.L.Varshney [and] K.L.Maheshwari
Remainder of title text, problems and cases /
250 ## - EDITION STATEMENT
Edition statement 21st enl. ed
260 ## - PUBLICATION, DISTRIBUTION, ETC. (IMPRINT)
Place of publication, distribution, etc New Delhi
Name of publisher, distributor, etc Sultan Chand
Date of publication, distribution, etc 2012
270 ## - ADDRESS
Address 23, Daryaganj
City New Delhi
Postal code 110002
300 ## - PHYSICAL DESCRIPTION
Extent various pagings :
Dimensions 25cm(pbk)
Other physical details ill.
700 ## - ADDED ENTRY--PERSONAL NAME
Dates associated with a name Maheshwari ,K.L.
942 ## - ADDED ENTRY ELEMENTS (KOHA)
Source of classification or shelving scheme Dewey Decimal Classification
Item type English Books
Call number suffix VAR
Classification part 338.5024658
Holdings
Withdrawn status Lost status Not for loan Collection code Home library Current library Date acquired Source of acquisition Cost, normal purchase price Full call number Barcode Copy number Cost, replacement price Koha item type
    Not For Loan Non-fiction D.B.Act.Division D.B.Act.Division 15/05/2013 DBAD/PUB 400.00 338.5024658 VAR EN-90706 1 400.00 English Books

© Delhi Public Library
Hit Counter
free hit counter